| 000 | 01196nam a22002657a 4500 | ||
|---|---|---|---|
| 005 | 20100929122922.0 | ||
| 008 | 100928t xxu||||| |||| 00| 0 hin d | ||
| 010 | _aHIN-90673 | ||
| 020 |
_c150.00 _a9788190183475 |
||
| 035 | _aHN-63019 | ||
| 037 | _bDBAD / PUB | ||
| 040 |
_aDPL _bHN |
||
| 082 | _a613.907 | ||
| 100 |
_aनरेश कुमार _922145 |
||
| 245 |
_aयौन-शिक्षा और यौन-स्वास्थ्य-शिक्षा तथा हमारी संस्कृति / _cनरेश कुमार |
||
| 246 |
_aYon-shiksha or yon-swasthya-shiksha tatha hamari sanskriti _bby Naresh Kumar |
||
| 260 |
_aदिल्ली _bममता प्रकाशन _c2010 |
||
| 270 |
_aई-5/13, लाजपतराय चौक, कृष्णनगर _bदिल्ली _e110051 |
||
| 300 |
_a79पृ. _c22सेमी (सजिल्द) |
||
| 650 | _91169 | ||
| 700 | _922273 | ||
| 700 | _922352 | ||
| 942 |
_2ddc _cHN _h613.907 _mनरेश |
||
| 999 |
_c47973 _d47973 |
||